00429nam a2200157Ia 45000010006000000050017000060080041000230410008000640820017000721000026000892450103001152600009002183000028002276500008002556540008002631850120260306171635.0260306s9999||||xx |||||||||||||| ||und|| aESP a658.406bL86 aLópez, AntonioeAUT 0aLa innovación de las personas como objetivo del coaching:buna nueva filosofía para la empresa c2007 a188 páginas :c24 cm. aGEN aCAN